000 00775nam a2200265Ia 4500
003 OSt
005 20221007070742.0
006 a|||||r|||| 00| 0
007 ta
008 221006b |||||||| |||| 00| 0 eng d
020 _a9789350357897
024 _a45,521
037 _cTextual
040 _aFLL
_cFLL
_beng
041 _2eng
_aeng
082 _aZ2,123, Q6
100 _aMALHOTRA Anil Au.
_9687629
245 0 _aIndia, Inter country parental child removal and the law
260 _aHaryana
_bUnivarsal law Publishing India
_c2016
300 _axxvi,431p.
_ccm.
500 _aReplacement Copy
700 _a MALHOTRA Ranjit Au.
_9687630
942 _hZ2,123, Q6
_cTEXL
_2CC
999 _c1141431
_d1141431